000 00300nam a22001337a 4500
005 20230816130401.0
008 230816b |||||||| |||| 00| 0 eng d
040 _aLoreto college
041 _aEnglish
082 _a820
_bBAN
245 _aBinodini rachana samaghra
850 _aLCLIB
942 _cBK
999 _c43475
_d93954